00726nam a22001577a 4500008004100000040005500041080002300096245016000119260006000279300001000339500001200349650001200361942001300373999001700386952016500403230622b |||||||| |||| 00| 0 eng d aNational Science LibrarycNational Science Library a628.1(082.2)bM7.2 aInternational seminar on water management in arid and semi-arid zonesc/ 27-29 November, 1986 sponsors Unesco, New Delhi............................Roorkee aIndia: bDepartment of Agricultural Meteorology, c1986 a309p. aVol. II aSeminar 2udccSEM c46139d46139 00102udc3Vol. II, 198640662810822_M7270970030aNSLbNSLcGF/Rk-13/C-16/R-4d1987-11-17l0o628.1(082.2) M7.2p168683r2023-06-22 00:00:00w1987-11-17ySEM